Cena Jána Bahýľa 2010

Slávnostný akt odovzdávania Ceny Jána Bahýľa sa uskutočnil 21. októbra 2010 v Banskej Bystrici. Ocenenia boli udelené v kategórii stredné a veľké podniky a v kategórii vysoké školy a výskumné centrá. Čestné uznanie predsedníčky ÚPV SR.

Salvato in:
Dettagli Bibliografici
Autore principale: Šípoš, Július
Natura: Capitolo di libro
Lingua:slovacco
Soggetti:
Tags: Aggiungi Tag
Nessun Tag, puoi essere il primo ad aggiungerne!!

MARC

LEADER 00000naa a2200000 4500
001 0123353
005 20220729111110.8
041 0 |a slo 
044 |a SK 
245 1 0 |a Cena Jána Bahýľa 2010  |c Július Šípoš 
520 |a Slávnostný akt odovzdávania Ceny Jána Bahýľa sa uskutočnil 21. októbra 2010 v Banskej Bystrici. Ocenenia boli udelené v kategórii stredné a veľké podniky a v kategórii vysoké školy a výskumné centrá. Čestné uznanie predsedníčky ÚPV SR. 
610 2 0 |a vlastníctvo duševné 
610 2 0 |a ochrana práv priemyselných 
610 2 0 |a právo patentové 
610 2 0 |a patenty 
610 2 0 |a vlastníctvo priemyselné 
610 2 0 |a vzory chránené 
610 2 0 |a úrady patentové 
610 2 0 |a organizácie spoločenské 
610 2 0 |a akcie odborné 
100 1 |a Šípoš, Július